000 00450nam a22001817a 4500
005 20180131164810.0
008 160621b xxu||||| |||| 00| 0 eng d
020 _a81-7656-752-3
041 _aeng
082 _b8812
_a004
100 _aSinha, Pradeep K and Priti, sinha
_94032
245 _aComputer Fundamentals
250 _a4th ed.
260 _bBPB Publication
_c2007
300 _a424
650 _aInformation Technology
_9137
942 _cBK
999 _c3438
_d3437